000 00353nam a2200121Ia 4500
008 220216s9999 xx 000 0 und d
100 _aGee G
245 0 _aInteraction between rubber and liquids. IV. Factors governing the absorption of oil by rubber
260 _bIRI Transactions
_c1943
300 _a266-281
650 _aOil absorption
942 _cJS
999 _c61498
_d61498